000 01049nam a2200325 a 4500
001 3788952
003 OSt
005 20170208144847.0
008 840612s1985 caua b 001 0 eng
010 _a 84061320
020 _a082245307X (pbk.)
040 _aDLC
_cDLC
_dDLC
050 0 0 _aHQ770.4
_b.C43 1985
082 0 0 _a649/.64
_219
100 1 _aCherry, Clare.
110 _aRU
245 1 0 _aParents, please don't sit on your kids :
_ba parent's guide to nonpunitive discipline /
_cClare Cherry ; photographs by Sam Cherry.
250 _a2ND
260 _aBelmont, Calif. :
_bPitman Books,
_cc1985.
300 _a187 p. :
_bill. ;
_c23 cm.
440 0 _aFearon early childhood library
500 _aRev. ed. of: Please don't sit on the kids. c1982.
500 _aIncludes index.
504 _aBibliography: p. 179-180.
650 0 _aDiscipline of children.
650 0 _aChild psychology.
700 1 _aCherry, Clare.
_tPlease don't sit on the kids.
906 _a7
_bcbc
_corignew
_d3
_eopcn
_f19
_gy-gencatlg
942 _2lcc
_cBK
999 _c255446
_d255445